Aik Siasi Safar Kay Sang-e-meel (Record no. 321769)

000 -LEADER
fixed length control field 00301 a2200121 4500
001 - CONTROL NUMBER
control field 86696
082 ## - DEWEY DECIMAL CLASSIFICATION NUMBER
Classification number 320.5491 ASG
090 ## - LOCALLY ASSIGNED LC-TYPE CALL NUMBER (OCLC); LOCAL CALL NUMBER (RLIN)
-- 40790
-- 40790
100 ## - MAIN ENTRY--PERSONAL NAME
Personal name Muhammad Asghar Khan
245 ## - TITLE STATEMENT
Title Aik Siasi Safar Kay Sang-e-meel
Medium Urdu
260 ## - PUBLICATION, DISTRIBUTION, ETC.
Place of publication, distribution, etc. Lahore
Name of publisher, distributor, etc. Doost Publishers
Date of publication, distribution, etc. 2010
300 ## - PHYSICAL DESCRIPTION
Extent 272p.
942 ## - ADDED ENTRY ELEMENTS (KOHA)
Institution code [OBSOLETE] CAE NUST
Call number prefix 320.5491 ASG
Holdings
Withdrawn status Lost status Damaged status Not for loan Collection code Permanent Location Current Location Date acquired Total Checkouts Full call number Barcode Date last seen Price effective from Koha item type
          College of Aeronautical Engineering (CAE) College of Aeronautical Engineering (CAE) 04/03/2017   320.5491 ASG CAE85603 04/05/2017 04/05/2017 Book
© 2023 Central Library, National University of Sciences and Technology. All Rights Reserved.